| 000 | 00516nam a2200205Ia 4500 | ||
|---|---|---|---|
| 005 | 20250425161650.0 | ||
| 008 | 250425s9999 xx 000 0 und d | ||
| 020 | _a0201006502 | ||
| 041 | _aeng | ||
| 082 | _a600.0285 | ||
| 100 | _aBROOKS, FREDERICK P. | ||
| 245 | 0 | _aTHE MYTHICAL MAN-MONTH : ESSAYS ON SOFTWARE ENGINEERING | |
| 250 | _aS.E. | ||
| 260 | _aCALIFORNIA CITY | ||
| 260 |
_aEstados Unidos _bADDISON - WESLEY _c1972 |
||
| 300 | _a195 | ||
| 650 | _aINGENIERIA | ||
| 942 | _c01 | ||
| 010 | _a25382 | ||
| 999 |
_c213634 _d213634 |
||